| 000 | 00392nam a2200157Ia 4500 | ||
|---|---|---|---|
| 008 | 210716s2003 xx 000 0 und d | ||
| 020 | _a818538603X | ||
| 041 | _aeng | ||
| 082 | _a338.5 GOUJ | ||
| 100 | _aGould, John P;Lazear, Edward P. | ||
| 245 | _aMicroeconomic theory. | ||
| 250 | _a6 | ||
| 260 |
_aNew Delhi _bRichard D Irwin, Inc _c2003 |
||
| 300 | _axvi,640 | ||
| 650 | _aEconomics | ||
| 999 |
_c198006 _d198006 |
||